000
00217nam a22000977a 4500
999
_c
64934
_d
64931
082
_a
S.A س ع ی
100
_a
مولینا سعید انصاری
245
_a
سیرلصحابیات
300
_a
۱۹۵
942
_c
BK